Методы и технологии обучения русскому языку как иностранному

Détails bibliographiques
Auteur principal: Капитонова Т. И. Тамара Ивановна
Autres auteurs: Московкин Л. В. Леонид Викторович, Щукин А. Н. Анатолий Николаевич
Résumé:В книге описываются методы и технологии обучения, получившие широкое применение в преподавании русского языка как иностранного, рассматриваются их особенности, история возникновения и развития. Анализ методов и технологий включает характеристику лингвистической, психологической и методической концепций, лежащих в их основе, приводятся данные об учебниках и учебных пособиях, реализующих концепцию метода. Книга предназначена для преподавателей русского языка как иностранного, студентов-филологов, аспирантов, стажёров, и всех интересующихся развитием методики преподавания РКИ в её историческом освещении.
Langue:russe
Publié: Москва, Русский язык. Курсы, 2014
Sujets:
Format: Livre
KOHA link:https://koha.lib.tpu.ru/cgi-bin/koha/opac-detail.pl?biblionumber=291757

MARC

LEADER 00000nam0a2200000 4500
001 291757
005 20231101000654.0
010 |a 9785883371614 
035 |a (RuTPU)RU\TPU\book\316344 
035 |a RU\TPU\book\160441 
090 |a 291757 
100 |a 20150416d2014 km y0rusy50 ca 
101 0 |a rus 
102 |a RU 
105 |a y z 001zy 
200 1 |a Методы и технологии обучения русскому языку как иностранному  |f Т. И. Капитонова, Л. В. Московкин, А. Н. Щукин 
210 |a Москва  |c Русский язык. Курсы  |d 2014 
215 |a 309 с. 
320 |a Литература: с. 283-306. 
330 |a В книге описываются методы и технологии обучения, получившие широкое применение в преподавании русского языка как иностранного, рассматриваются их особенности, история возникновения и развития. Анализ методов и технологий включает характеристику лингвистической, психологической и методической концепций, лежащих в их основе, приводятся данные об учебниках и учебных пособиях, реализующих концепцию метода. Книга предназначена для преподавателей русского языка как иностранного, студентов-филологов, аспирантов, стажёров, и всех интересующихся развитием методики преподавания РКИ в её историческом освещении. 
610 1 |a русский язык 
610 1 |a русский язык как иностранный 
610 1 |a методика 
610 1 |a обучение 
610 1 |a преподавание 
610 1 |a технология 
686 |a Ш141.2-96  |v LBC/SL-A  |2 rubbk 
700 1 |a Капитонова  |b Т. И.  |g Тамара Ивановна 
701 1 |a Московкин  |b Л. В.  |g Леонид Викторович 
701 1 |a Щукин  |b А. Н.  |g Анатолий Николаевич 
801 1 |a RU  |b 63413507  |c 20081125  |g PSBO 
801 2 |a RU  |b 63413507  |c 20150417  |g PSBO 
942 |c BK 
959 |a 22/20150326  |d 3  |e 250  |f УФ:3